| 000 | 00466nam a2200181Ia 4500 | ||
|---|---|---|---|
| 001 | 23620 | ||
| 005 | 20260414150949.0 | ||
| 008 | 260414t2019||||xx |||||||||||||| ||spa|| | ||
| 041 | _aESP | ||
| 082 |
_a670.42071 _bL65 |
||
| 100 |
_aLindeburg, Michael R. _eAUT |
||
| 245 | 0 |
_aIndustrial discipline-specific review for the FE/EIT exam _b |
|
| 260 | _c2019 | ||
| 300 |
_axvi, 81 páginas : _c28 cm. |
||
| 650 | _aTCA | ||
| 654 | _aCII | ||
| 942 |
_cLIB _dJUS _fJUS _2ddc _n |
||
| 999 |
_c23620 _d23620 |
||